000 00912nam a2200277 c 4500
999 _c186644
_d186644
003 BLK
005 20220420090802.0
008 180411b bul|||||r ||||||| ||bul||
010 _aKNG00195640000
040 _aBLK
041 _aBUL
_cBUL
080 _aБългарска литература
_b821.163.2
_x-4
_z821.163.2-4
100 1 _aНонев, Богомил Николов
_eпърви автор
_9260449
139 _aНонев, Богомил Николов
_bН 90
245 1 0 _aЕсенно небе
_bЕсета
_cБогомил Николов Нонев.
257 _aBGR
260 _aСофия
_bБълг. писател
_c1982
300 _a359 с.
_bс ил.
_c20 см
380 _aX
500 _a10 113 тир.
852 _aЦб 116997
856 4 _qpdf
856 4 _qpdf
942 _cKNG
_n0
_01
_s1
944 _aCR
_c10.11.2016
_kПравда_Бадева
944 _aED
_c10.11.2016
_kПравда_Бадева
999 _d186644